00710nam a22001697a 4500003000200000005001700002008004100019050002600060100002900086245018000115260007100295300002400366500003900390504005600429650003200485650002300517020250219162658.0250219b xxu||||| |||| 00| 0 eng d aHF 5548.32b.D66 2023 aDoria, Monel Ysabelle C. aThe impact of e-wallet payments on the operational risks of selected small enterprises in the wholesale and retail trade industry in las pinas city. cMonel Ysabelle C. Doria aLas Pinas CitybSouthville International School and Collegesc2023 ax, 95 pages;c28cm. aBachelor of Science in Accountancy aIncludes bibliographical references and appendices. aElectronic funds transfers. aE-wallet payments.